000 00842nam a2200265 i 4500
001 bg
100 1 _aZiółkowska, Wiesława.
245 1 0 _aFinanse publiczne :
_bteoria i zastosowanie /
_cWiesława Ziółkowska.
250 _aWyd. 2 zm. i uzup.
260 _aPoznań :
_bWydaw. Wyższej Szkoły Bankowej,
_c2002.
300 _a297, [2] s. :
_bil. ;
_c24 cm.
504 _aBibliogr., wykaz aktów prawnych.
650 9 _aFinanse publiczne
650 9 _aFinanse publiczne
_zPolska
_yod 1989 r.
655 _aPodręczniki akademickie
020 _a8372052166
040 _cBPK
041 0 _apol
080 _a336.1(438)
080 _a(075.8)
920 _a83-7205-216-6
942 _cKS
008 031118s2002 pl f |000 0 pol
999 _c43378
_d43378
856 _uhttp://koha.tu.koszalin.pl/cgi-bin/koha/opac-detail.pl?biblionumber=43378
_yKatalog online BPK